La iglesia en estado de misión
Guardat en:
| Autor principal: | |
|---|---|
| Format: | Llibre |
| Idioma: | espanyol |
| Publicat: |
Bilbao
Desclée de Brouwer
1958
|
| Col·lecció: | Biblioteca de Estudios Pastorales, 11
|
| Matèries: | |
| Etiquetes: |
Afegir etiqueta
Sense etiquetes, Sigues el primer a etiquetar aquest registre!
|
MARC
| LEADER | 00000nam a2200000 a 4500 | ||
|---|---|---|---|
| 001 | UCL6207 | ||
| 003 | CL-VaPUC | ||
| 008 | 040402e19580000SP |||||||||||||||||spa|d | ||
| 082 | 0 | 4 | |a 266 |b SUE |2 21 |
| 100 | 0 | |a Suenens, León José |e author |9 483883 | |
| 245 | 1 | 3 | |a La iglesia en estado de misión |
| 300 | |a 226 p | ||
| 942 | |c BK | ||
| 945 | |d 20040402 00:00:00 |a vberengu | ||
| 260 | |a Bilbao |b Desclée de Brouwer |c 1958 | ||
| 650 | 7 | |a EVANGELIZACION |2 CL-VaPUC |9 483884 | |
| 583 | |a last modification |c 20040402 00:00:00 |k Rodrigo Vera | ||
| 490 | 0 | |a Biblioteca de Estudios Pastorales, 11 | |
| 999 | |c 308386 |d 308384 | ||
| 952 | |0 0 |1 0 |4 0 |6 266_000000000000000_SUE_1958 |7 0 |8 A |9 374895 |a BIBTEO |b BIBTEO |d 2019-11-21 |i 2107600 |o 266 SUE 1958 |p 2107600 |r 2025-01-17 |w 2019-11-21 |y BK |k ICR | ||